000 00247nam a2200097Ia 4500
008 171211s9999 xx 000 0 und d
245 _aTutto - Musica
260 _c2011
650 _xmusic
856 _uhttp://down.ebook777.com/058/9788841855126.pdf
999 _c348720
_d348720